Hàm phức và ứng dụng
Sách trình bày về lý thuyết cũng như ứng dụng của hàm biến phức theo một thứ tự kinh điển: Số phức dưới cái nhìn đại số và hình học; Tính vi tích phân hàm biến phức; Lý thuyết thặng dư và ứng dụng; Lý thuyết phép biến đổi bảo giác...
Đã lưu trong:
| Hovedforfatter: | |
|---|---|
| Format: | Bog |
| Sprog: | Undetermined |
| Udgivet: |
Thành phố Hồ Chí Minh
Đại học Quốc gia Thành phố Hồ Chí Minh
1998
|
| Fag: | |
| Tags: |
Tilføj Tag
Ingen Tags, Vær først til at tagge denne postø!
|
| Thư viện lưu trữ: | Trung tâm Học liệu Trường Đại học Cần Thơ |
|---|
| LEADER | 01117nam a2200217Ia 4500 | ||
|---|---|---|---|
| 001 | CTU_29780 | ||
| 008 | 210402s9999 xx 000 0 und d | ||
| 020 | |b 29.000đ | ||
| 020 | |c 22500 | ||
| 082 | |a 515.9 | ||
| 082 | |b Đ312 | ||
| 100 | |a Nguyễn, Kim Đính | ||
| 245 | 0 | |a Hàm phức và ứng dụng | |
| 245 | 0 | |c Nguyễn Kim Đính | |
| 260 | |a Thành phố Hồ Chí Minh | ||
| 260 | |b Đại học Quốc gia Thành phố Hồ Chí Minh | ||
| 260 | |c 1998 | ||
| 520 | |a Sách trình bày về lý thuyết cũng như ứng dụng của hàm biến phức theo một thứ tự kinh điển: Số phức dưới cái nhìn đại số và hình học; Tính vi tích phân hàm biến phức; Lý thuyết thặng dư và ứng dụng; Lý thuyết phép biến đổi bảo giác, truyền nhiệt, tĩnh điện và sự chảy của lưu chất | ||
| 650 | |a Functional analysis,Functions of complex variables | ||
| 904 | |i Minh, QHieu | ||
| 980 | |a Trung tâm Học liệu Trường Đại học Cần Thơ | ||